000 00399cam a2200181 4500
001 D13482
008 090401t1956 xxu||||| |||| 00| 0 eng d
035 _a(Sirsi) u9981
041 _aeng
100 _aMustoe, N.E.
245 _aIncome tax on landed property
250 _a3rd
260 _bEstates Gazette
_c1956
350 _a0
520 _aShelf 132
942 _n0
948 _c04/03/1997
999 _c86690
_d86690